[Event "2.BLS 0506 SG Turm Trier - Karlsruher S"]
[Site "?"]
[Date "2005.11.27"]
[Round "3.2"]
[White "Seger, Ruediger"]
[Black "Karst, Elmar"]
[Result "1/2-1/2"]
[WhiteElo "2413"]
[BlackElo "2317"]
[PlyCount "62"]
[EventDate "2005.??.??"]

1. e4 d6 2. d4 Nf6 3. Nc3 e5 4. dxe5 dxe5 5. Qxd8+ Kxd8 6. Bc4 Ke8 7. Nf3 Bd6
8. Bg5 Nbd7 9. O-O-O a6 10. Rhe1 Nb6 11. Bb3 Bg4 12. Rd3 Nfd7 13. h3 Bxf3 14.
Rxf3 f6 15. Bd2 Nc5 16. Nd1 Rd8 17. Ba5 Nc8 18. Bc4 Ne7 19. Bd2 b5 20. Bf1 Nc6
21. c3 Be7 22. b4 Na4 23. Rd3 Kf7 24. Nb2 Rxd3 25. Bxd3 Rd8 26. Re3 Nb6 27. Kc2
g6 28. Re1 Nb8 29. Be3 Rc8 30. a4 bxa4 31. Nc4 N8d7 1/2-1/2

[Event "2.BLS 0506 SG Turm Trier - Karlsruher S"]
[Site "?"]
[Date "2005.11.27"]
[Round "3.3"]
[White "Arnold, Lothar"]
[Black "Galyas, Miklos"]
[Result "1-0"]
[WhiteElo "2348"]
[BlackElo "2424"]
[PlyCount "53"]
[EventDate "2005.??.??"]

1. e4 e6 2. d4 d5 3. Nd2 Be7 4. Bd3 c5 5. dxc5 Nf6 6. exd5 Qxd5 7. Ngf3 Bxc5 8.
O-O O-O 9. Nb3 Be7 10. Bg5 h6 11. Bh4 Nc6 12. Qe2 Nb4 13. Bc4 Qh5 14. Rad1 b6
15. c3 Nc6 16. Bxf6 gxf6 17. Qe4 Bb7 18. Rd7 f5 19. Qe2 Rab8 20. Bb5 Bc8 21.
Bxc6 Bxd7 22. Bxd7 Bd6 23. h3 Kh7 24. Rd1 Bc7 25. Bxe6 fxe6 26. Rd7+ Rf7 27.
Ng5+ 1-0

[Event "2.BLS 0506 SG Turm Trier - Karlsruher S"]
[Site "?"]
[Date "2005.11.27"]
[Round "3.4"]
[White "Cioara, Andrei Nestor"]
[Black "Werner, Clemens"]
[Result "1/2-1/2"]
[WhiteElo "2436"]
[BlackElo "2282"]
[PlyCount "81"]
[EventDate "2005.??.??"]

1. e4 c5 2. Nf3 d6 3. d4 Nf6 4. Nc3 cxd4 5. Nxd4 g6 6. Be3 Bg7 7. f3 O-O 8. Qd2
Nc6 9. O-O-O d5 10. Kb1 Nxd4 11. e5 Nf5 12. exf6 Bxf6 13. Nxd5 Bg7 14. Nf6+
Bxf6 15. Qxd8 Nxe3 16. Qd3 Nxd1 17. Qxd1 Be6 18. Bb5 Rfd8 19. Qe2 Rd4 20. Rd1
Rb4 21. b3 a5 22. Bd7 Bc4 23. Qe1 Ra6 24. c3 Rbb6 25. Kc2 Be6 26. Qg3 Kg7 27.
Qc7 Bxd7 28. Qxd7 Rc6 29. Rd3 b5 30. f4 Rc5 31. a4 Rac6 32. axb5 Rxc3+ 33. Kd2
Rxd3+ 34. Qxd3 Rd6 35. b6 Rxb6 36. Ke2 h5 37. g3 Rc6 38. Qd5 Rc2+ 39. Kf3 Rc3+
40. Kg2 Rc2+ 41. Kf3 1/2-1/2

[Event "2.BLS 0506 SG Turm Trier - Karlsruher S"]
[Site "?"]
[Date "2005.11.27"]
[Round "3.5"]
[White "Bach, Edwin"]
[Black "Kolbus, Dietmar"]
[Result "0-1"]
[WhiteElo "2296"]
[BlackElo "2413"]
[PlyCount "88"]
[EventDate "2005.??.??"]

1. Nf3 Nf6 2. c4 g6 3. b4 Bg7 4. Bb2 O-O 5. g3 c6 6. Bg2 d5 7. Na3 Bg4 8. O-O
Nbd7 9. d3 Re8 10. h3 Bxf3 11. Bxf3 e5 12. e3 Qe7 13. Nc2 dxc4 14. dxc4 Nb6 15.
c5 Na4 16. Rb1 Rad8 17. Qc1 Nxb2 18. Rxb2 e4 19. Bg2 Nd5 20. Rb3 a6 21. Na3 f5
22. Nc4 Be5 23. Nxe5 Qxe5 24. Qc4 Kg7 25. a4 Nc7 26. Rbb1 Rd5 27. Rfd1 Red8 28.
Rxd5 Rxd5 29. Qc2 Rd3 30. Bf1 Rc3 31. Qb2 Kf6 32. Kg2 Ne6 33. Qd2 h5 34. Qd7 h4
35. gxh4 f4 36. exf4 Nxf4+ 37. Kg1 e3 38. Qd8+ Kg7 39. Rd1 exf2+ 40. Kh1 Nd5
41. Qg5 Qxg5 42. hxg5 Rg3 43. Bc4 Rxh3+ 44. Kg2 Ne3+ 0-1

[Event "2.BLS 0506 SG Turm Trier - Karlsruher S"]
[Site "?"]
[Date "2005.11.27"]
[Round "3.6"]
[White "Niklasch, Oliver"]
[Black "Duschek, Volker"]
[Result "1-0"]
[WhiteElo "2405"]
[BlackElo "2287"]
[PlyCount "101"]
[EventDate "2005.??.??"]

1. d4 Nf6 2. c4 g6 3. Nf3 Bg7 4. g3 O-O 5. Bg2 d6 6. O-O Nbd7 7. Nc3 e5 8. e4
exd4 9. Nxd4 Re8 10. h3 a6 11. Be3 Ne5 12. b3 Bd7 13. a4 Qc8 14. f4 Nc6 15. Kh2
h5 16. Qd2 Nb4 17. f5 c5 18. Nde2 gxf5 19. Bh6 Bh8 20. Nf4 Kh7 21. Bg5 Rg8 22.
Bh4 Qf8 23. Rad1 Bc6 24. exf5 Bxg2 25. Kxg2 Qh6 26. Qxd6 Nc2 27. Ncd5 Nxd5 28.
Qxh6+ Kxh6 29. Nxd5 Rae8 30. f6 Re4 31. Rd2 Rxh4 32. Rxc2 Re4 33. Rf5 Rg5 34.
Rcf2 Rxf5 35. Rxf5 Kg6 36. Ne7+ Kh6 37. Kf3 Re1 38. Rxc5 Bxf6 39. Ng8+ Kg7 40.
Nxf6 Kxf6 41. Rc7 b5 42. cxb5 axb5 43. axb5 Re5 44. b6 Rb5 45. b7 Rxb3+ 46. Ke4
Ke6 47. Kd4 Rb1 48. Kc5 Rc1+ 49. Kb6 Rb1+ 50. Ka7 Ra1+ 51. Kb8 1-0

[Event "2.BLS 0506 SG Turm Trier - Karlsruher S"]
[Site "?"]
[Date "2005.11.27"]
[Round "3.7"]
[White "Schlager, Thomas"]
[Black "Ionescu, Doru Alexandru"]
[Result "0-1"]
[WhiteElo "2297"]
[BlackElo "2363"]
[PlyCount "98"]
[EventDate "2005.??.??"]

1. d4 g6 2. e4 Bg7 3. Nc3 c6 4. Bc4 d6 5. Nf3 b5 6. Bb3 b4 7. Ne2 Nf6 8. Ng3 a5
9. O-O O-O 10. a3 Ba6 11. Re1 c5 12. dxc5 dxc5 13. e5 Qxd1 14. Rxd1 Ng4 15. Bd5
Ra7 16. axb4 axb4 17. e6 f5 18. Bc4 Ne5 19. Nxe5 Bxe5 20. Ra2 Bxc4 21. Rxa7 Nc6
22. Rb7 Bd6 23. Rxd6 exd6 24. e7 Re8 25. Bg5 Kf7 26. Rd7 h6 27. Bf4 Rxe7 28.
Rxe7+ Kxe7 29. Bxh6 b3 30. cxb3 Bxb3 31. Kf1 Ne5 32. Ke2 Ke6 33. Bg7 d5 34. Bf8
Nd7 35. Bg7 d4 36. Kd2 Bc4 37. Ne2 Bxe2 38. Kxe2 Kd5 39. f3 Nb6 40. Kd2 Nc4+
41. Ke2 Nxb2 42. g4 fxg4 43. fxg4 Ke4 44. h4 Nd3 45. Kd2 Nf4 46. Bf6 c4 47. Bg7
c3+ 48. Kc2 Nd5 49. h5 d3+ 0-1

[Event "2.BLS 0506 SG Turm Trier - Karlsruher S"]
[Site "?"]
[Date "2005.11.27"]
[Round "3.8"]
[White "Rat, Dan Ovidiu"]
[Black "Pfrommer, Christoph"]
[Result "1/2-1/2"]
[WhiteElo "2316"]
[BlackElo "2252"]
[PlyCount "87"]
[EventDate "2005.??.??"]

1. c4 e5 2. g3 Nf6 3. Bg2 d5 4. cxd5 Nxd5 5. Nc3 Nb6 6. Nf3 Nc6 7. Rb1 Be7 8.
b4 Bxb4 9. Nxe5 Nxe5 10. Rxb4 Qe7 11. Re4 f5 12. Ba3 c5 13. Re3 Nbc4 14. Qa4+
Bd7 15. Qxc4 Nxc4 16. Rxe7+ Kxe7 17. Bxc5+ Kf7 18. Bxb7 Rab8 19. Bd5+ Be6 20.
Bxc4 Bxc4 21. Bxa7 Ra8 22. Bd4 Rhd8 23. Be3 Bxa2 24. Nxa2 Rxa2 25. O-O Rda8 26.
h4 g6 27. Kg2 Ra1 28. Rxa1 Rxa1 29. Kf3 Ra4 30. Bh6 Ke6 31. Bg7 Kd5 32. d3 Rb4
33. Ke3 Ra4 34. Kf3 Rb4 35. Bc3 Ra4 36. Bf6 Ke6 37. Bh8 Kd5 38. Bg7 Rb4 39. e3
Ra4 40. Bf6 Ra3 41. Ke2 Ra2+ 42. Kf3 Ra3 43. Ke2 Ra2+ 44. Kf3 1/2-1/2

[Event "2.BLS 0506 SK Viernheim - SC Bann"]
[Site "?"]
[Date "2005.11.27"]
[Round "3.1"]
[White "Stocek, Jiri"]
[Black "Boguslavsky, Oleh"]
[Result "0-1"]
[WhiteElo "2580"]
[BlackElo "2386"]
[PlyCount "146"]
[EventDate "2005.??.??"]

1. d4 d5 2. c4 c6 3. Nf3 Nf6 4. e3 Bf5 5. Nc3 e6 6. Nh4 Be4 7. f3 Bg6 8. Qb3
Qc7 9. Bd2 Nbd7 10. O-O-O a5 11. Nxg6 hxg6 12. cxd5 exd5 13. e4 Bb4 14. Kb1
Bxc3 15. Bxc3 Nf8 16. exd5 Nxd5 17. Bc4 O-O-O 18. Be1 Ne6 19. Qa3 Nb4 20. Bg3
Qb6 21. Rd2 Nd5 22. Rc1 Qb4 23. Qxb4 axb4 24. a3 bxa3 25. bxa3 Rd7 26. Rb2 Nec7
27. a4 Ne3 28. Bb3 f6 29. a5 Re8 30. Re2 Ree7 31. Rce1 Nf5 32. Rxe7 Rxe7 33.
Rxe7 Nxe7 34. Kc2 Kd7 35. Kd3 Ncd5 36. Bb8 Kc8 37. Bd6 Kd7 38. Bb8 Kc8 39. Bg3
Kd7 40. Kd2 Nf5 41. Bf2 g5 42. g3 Nd6 43. Be1 Ke6 44. Kd3 Kd7 45. Bd2 Kc8 46.
Bc1 Kd7 47. Ba3 Ne7 48. Bb4 Nb5 49. Bxe7 Kxe7 50. Kc4 Kd6 51. d5 Na7 52. dxc6
Nxc6 53. Ba4 Nxa5+ 54. Kd4 f5 55. g4 Ke6 56. Bc2 Nc6+ 57. Ke3 fxg4 58. fxg4 Ke5
59. Be4 Nd8 60. Bd3 Ne6 61. Kf3 Kd4 62. Bf5 Nc5 63. h4 gxh4 64. g5 Ke5 65. Bb1
Ne6 66. Kg4 Nxg5 67. Kxh4 Ne6 68. Kh5 g5 69. Kg4 b5 70. Bc2 b4 71. Bd1 Kf6 72.
Kf3 Nc5 73. Ke3 Ke5 0-1

[Event "2.BLS 0506 SK Viernheim - SC Bann"]
[Site "?"]
[Date "2005.11.27"]
[Round "3.2"]
[White "Lazarev, Vladimir"]
[Black "Bunzmann, Dimitri"]
[Result "1/2-1/2"]
[WhiteElo "2513"]
[BlackElo "2537"]
[PlyCount "29"]
[EventDate "2005.??.??"]

1. Nf3 Nf6 2. c4 e6 3. d4 b6 4. g3 Bb4+ 5. Bd2 Be7 6. Bg2 c6 7. O-O O-O 8. Qc2
d5 9. Bf4 Bb7 10. Rd1 Nbd7 11. b3 Rc8 12. Nc3 Nh5 13. Bc1 f5 14. a4 a5 15. e3
1/2-1/2

[Event "2.BLS 0506 SK Viernheim - SC Bann"]
[Site "?"]
[Date "2005.11.27"]
[Round "3.3"]
[White "Slobodjan, Roman"]
[Black "Mandel, Andreas"]
[Result "1-0"]
[WhiteElo "2526"]
[BlackElo "2410"]
[PlyCount "157"]
[EventDate "2005.??.??"]

1. d4 Nf6 2. Nf3 g6 3. Bg5 Bg7 4. Nbd2 d5 5. c4 O-O 6. cxd5 Qxd5 7. e3 Qa5 8.
Qc2 Bf5 9. Qc3 Qxc3 10. bxc3 c5 11. Be2 Nc6 12. O-O Rac8 13. Rac1 cxd4 14. cxd4
h6 15. Bh4 Rfd8 16. h3 Ne4 17. Nxe4 Bxe4 18. Rc4 Bd5 19. Ra4 Re8 20. Rb1 e5 21.
dxe5 Nxe5 22. Rxa7 Be4 23. Rd1 Rc2 24. Nd4 Rb2 25. Bf1 Rc8 26. Bg3 h5 27. Ra5
Nc6 28. Nxc6 Rxc6 29. Rb5 Rxa2 30. Rxb7 Rc8 31. Rc7 Rxc7 32. Bxc7 Ra1 33. Rxa1
Bxa1 34. Bc4 Bf5 35. Bb6 Bc3 36. Bd4 Bb4 37. Bf6 Be6 38. Bd3 Kf8 39. Kf1 Bd2
40. Ke2 Bb4 41. e4 Bd6 42. Bb5 Be7 43. e5 Bc5 44. Bc6 Bd4 45. Kf3 Kg8 46. Kg3
Kf8 47. f4 Be3 48. Be4 Bd2 49. Kf3 Kg8 50. Bg5 Bc3 51. Bf6 Bd2 52. Bd3 Bd5+ 53.
Kg3 Be1+ 54. Kh2 Be6 55. Bg5 Bf2 56. Be4 h4 57. g4 hxg3+ 58. Kg2 Kg7 59. Bh4
Be1 60. Bf3 Kh6 61. Bxg3 Bd2 62. Bg4 Kg7 63. Kf2 Bd5 64. Ke2 Bc1 65. f5 gxf5
66. Bxf5 Bb2 67. Ke3 f6 68. e6 Bxe6 69. Bxe6 f5 70. Bxf5 Kh8 71. Kf4 Bc3 72.
Kg4 Bb2 73. Bf4 Bc3 74. Kh5 Bb2 75. Kg6 Bc3 76. h4 Bb2 77. h5 Bc3 78. Be6 Bb2
79. Bd6 1-0

[Event "2.BLS 0506 SK Viernheim - SC Bann"]
[Site "?"]
[Date "2005.11.27"]
[Round "3.4"]
[White "Nguyen, Chi Minh"]
[Black "Dolezal, Radoslav"]
[Result "0-1"]
[WhiteElo "2371"]
[BlackElo "2387"]
[PlyCount "80"]
[EventDate "2005.??.??"]

1. d4 Nf6 2. c4 e6 3. Nc3 d5 4. cxd5 exd5 5. Bg5 Nbd7 6. e3 c6 7. Qc2 Bd6 8.
Bd3 Qc7 9. Nf3 O-O 10. Rc1 a6 11. O-O h6 12. Bh4 Re8 13. Rfe1 g5 14. Bg3 Bxg3
15. hxg3 Kg7 16. b4 Qd6 17. Qb2 Ne4 18. Bxe4 dxe4 19. Nd2 Nf6 20. Nc4 Qd8 21.
a4 Be6 22. Nd2 Bd5 23. b5 axb5 24. axb5 Ng4 25. Nf1 Re6 26. Qe2 Nf6 27. bxc6
bxc6 28. g4 Kg6 29. Ng3 Qd7 30. f3 Rae8 31. Qf2 Rd6 32. Rf1 Bc4 33. fxe4 Bxf1
34. Rxf1 Nxg4 35. Qc2 Kh7 36. e5+ Rg6 37. Nce4 Kh8 38. Nd6 Nxe3 39. Rxf7 Qxd6
40. Qb3 Qxd4 0-1

[Event "2.BLS 0506 SK Viernheim - SC Bann"]
[Site "?"]
[Date "2005.11.27"]
[Round "3.5"]
[White "Muraniy, Karl-Jasmin"]
[Black "Carbonnel, Pierre"]
[Result "1-0"]
[WhiteElo "2359"]
[BlackElo "2275"]
[PlyCount "117"]
[EventDate "2005.??.??"]

1. e4 c5 2. Nf3 d6 3. d4 cxd4 4. Nxd4 Nf6 5. Nc3 g6 6. Bd3 Nc6 7. Nxc6 bxc6 8.
O-O Bg7 9. Qe1 O-O 10. f4 Rb8 11. Kh1 Nd7 12. Na4 Nb6 13. Nxb6 Qxb6 14. Rb1 Be6
15. b3 Qc5 16. f5 Bd7 17. a4 Bc3 18. Be3 Bd4 19. Bg5 Bf6 20. b4 Qe5 21. Bf4 Qc3
22. Qxc3 Bxc3 23. b5 cxb5 24. axb5 Bd4 25. g4 Rfc8 26. Rb3 Kg7 27. Kg2 Rc5 28.
Rfb1 h5 29. h3 hxg4 30. hxg4 Rcc8 31. Bg3 Rh8 32. Rh1 Rxh1 33. Kxh1 Rh8+ 34.
Kg2 Kf6 35. Bf2 Bxf2 36. Kxf2 Rb8 37. Ke3 Kg5 38. Be2 Rb6 39. Kd4 e6 40. c4 e5+
41. Ke3 a6 42. Ra3 axb5 43. cxb5 d5 44. exd5 gxf5 45. gxf5 Bxf5 46. Ra6 Rb7 47.
Rd6 Bc8 48. b6 f5 49. Ba6 f4+ 50. Ke4 Rb8 51. Bxc8 Rxc8 52. Rc6 Rb8 53. d6 Rb7
54. Kxe5 f3 55. Rc8 Kg6 56. Rf8 Kg7 57. Rxf3 Rxb6 58. d7 Rb8 59. Kd6 1-0

[Event "2.BLS 0506 SK Viernheim - SC Bann"]
[Site "?"]
[Date "2005.11.27"]
[Round "3.6"]
[White "Schmidt, Stefan"]
[Black "Baerwinkel, Tobias"]
[Result "1/2-1/2"]
[WhiteElo "2234"]
[BlackElo "2266"]
[PlyCount "85"]
[EventDate "2005.??.??"]

1. e4 c5 2. b3 Nc6 3. Bb2 d5 4. exd5 Qxd5 5. Nf3 Nf6 6. Nc3 Qd8 7. Bb5 Bd7 8.
O-O e6 9. Re1 Be7 10. d4 Nxd4 11. Nxd4 cxd4 12. Qxd4 Bxb5 13. Nxb5 a6 14. Qxd8+
Rxd8 15. Nd4 O-O 16. c4 Rd7 17. h3 h6 18. Nf3 Rc8 19. Bd4 Bb4 20. Rec1 Ba3 21.
Rc2 b5 22. Bb2 Bxb2 23. Rxb2 bxc4 24. bxc4 Rdc7 25. Rb6 a5 26. Ne5 Rc5 27. Re1
Rxe5 28. Rxe5 Nd7 29. Rbb5 Nxe5 30. Rxe5 a4 31. c5 Kf8 32. Re4 Rxc5 33. Rxa4 h5
34. Ra7 h4 35. Kf1 Rc2 36. a4 Ra2 37. a5 g5 38. a6 Kg7 39. Ke1 Kf6 40. Ra8 Kf5
41. a7 Kf4 42. Kd1 e5 43. Ke1 1/2-1/2

[Event "2.BLS 0506 SK Viernheim - SC Bann"]
[Site "?"]
[Date "2005.11.27"]
[Round "3.7"]
[White "Mozny, Mylos"]
[Black "Klee, Helmut"]
[Result "1-0"]
[WhiteElo "2364"]
[BlackElo "2240"]
[PlyCount "53"]
[EventDate "2005.??.??"]

1. d4 Nf6 2. Nf3 g6 3. g3 Bg7 4. Bg2 O-O 5. c4 d6 6. Nc3 c5 7. dxc5 dxc5 8. Be3
Nfd7 9. Qd2 Nc6 10. Bh6 Nde5 11. Bxg7 Kxg7 12. Nd5 Kg8 13. Nxe5 Nxe5 14. Qc3
Nc6 15. Rd1 Bd7 16. h4 Qc8 17. h5 Bf5 18. g4 Bxg4 19. Rd3 Rb8 20. Re3 Re8 21.
hxg6 fxg6 22. Bh3 Qf5 23. Bxg4 Qxg4 24. Rxe7 Qd4 25. Qxd4 cxd4 26. Rxe8+ Rxe8
27. Nf6+ 1-0

[Event "2.BLS 0506 SK Viernheim - SC Bann"]
[Site "?"]
[Date "2005.11.27"]
[Round "3.8"]
[White "Spiegel, Stefan Dr"]
[Black "Cernousek, Lukas"]
[Result "0-1"]
[WhiteElo "2240"]
[BlackElo "2379"]
[PlyCount "58"]
[EventDate "2005.??.??"]

1. e4 e6 2. d4 d5 3. Nd2 Nc6 4. Ngf3 Nf6 5. e5 Nd7 6. Be2 f6 7. exf6 Qxf6 8.
Nf1 e5 9. dxe5 Ndxe5 10. c3 Be6 11. Be3 O-O-O 12. N1d2 h6 13. Nxe5 Nxe5 14. Qa4
a6 15. O-O c5 16. Nb3 Bd7 17. Qa5 Qg6 18. f3 Re8 19. Bf4 Bd6 20. Qb6 Bc6 21.
Bxe5 Bxe5 22. Bxa6 bxa6 23. Nxc5 Qd6 24. f4 Bb5 25. Qb7+ Kd8 26. Qa8+ Ke7 27.
Qa7+ Qc7 28. Nb7 Bxf1 29. Rxf1 Bd6 0-1

[Event "2.BLS 0506 SC HP Böblingen - Heidelberg"]
[Site "?"]
[Date "2005.11.27"]
[Round "3.1"]
[White "Ikonnikov, Viacheslav"]
[Black "Dausch, Rene"]
[Result "1-0"]
[WhiteElo "2566"]
[BlackElo "2387"]
[PlyCount "61"]
[EventDate "2005.??.??"]

1. d4 d5 2. Nf3 Nf6 3. c4 dxc4 4. Nc3 Nc6 5. e4 Bg4 6. d5 Ne5 7. Bf4 Bxf3 8.
gxf3 Nfd7 9. Bxe5 Nxe5 10. f4 Nd3+ 11. Bxd3 cxd3 12. Qxd3 c6 13. O-O-O Qc7 14.
Kb1 h5 15. e5 Rh6 16. Qh3 Qc8 17. e6 fxe6 18. dxc6 bxc6 19. Qf3 e5 20. fxe5 Qe6
21. Rhe1 g5 22. Nb5 Qg6+ 23. Ka1 Rc8 24. Nxa7 Rb8 25. Rc1 g4 26. Qxc6+ Qxc6 27.
Nxc6 Rb6 28. Nd4 e6 29. a3 Rg6 30. Rc8+ Kf7 31. Rec1 1-0

[Event "2.BLS 0506 SC HP Böblingen - Heidelberg"]
[Site "?"]
[Date "2005.11.27"]
[Round "3.2"]
[White "Gheng, Josef"]
[Black "Schwalfenberg, Joerg"]
[Result "1-0"]
[WhiteElo "2341"]
[BlackElo "2335"]
[PlyCount "179"]
[EventDate "2005.??.??"]

1. e4 c6 2. d4 d5 3. Nc3 dxe4 4. Nxe4 Nf6 5. Nxf6+ gxf6 6. Qd3 Bg4 7. Ne2 Bh5
8. Qb3 Bxe2 9. Bxe2 Qb6 10. O-O Qxb3 11. axb3 e6 12. Bh5 Bd6 13. Bh6 Ke7 14.
Rfe1 Nd7 15. f4 Rhg8 16. f5 c5 17. Bxf7 Kxf7 18. fxe6+ Kg6 19. exd7 cxd4 20.
Bd2 Be5 21. Ra5 Rad8 22. Rxa7 Rxd7 23. Ra4 Rc8 24. Rc4 Rdc7 25. Rxc7 Rxc7 26.
Rc1 Kf5 27. Kf2 Ke4 28. g3 h5 29. Ba5 Rc5 30. Bb4 Rc8 31. Re1+ Kf5 32. Re2 h4
33. Kf3 hxg3 34. hxg3 Rg8 35. Be1 Rd8 36. c3 Rc8 37. g4+ Kg6 38. Rg2 b5 39. Rc2
Rd8 40. Ke4 Kg5 41. Rg2 dxc3 42. bxc3 Rc8 43. Bd2+ Kg6 44. Kd3 Rd8+ 45. Kc2 Rc8
46. b4 Rc4 47. g5 Rc8 48. gxf6+ Kxf6 49. Rg1 Ra8 50. Rh1 Kf5 51. Kb3 Ke4 52.
Re1+ Kd5 53. Be3 Rg8 54. Ba7 Rf8 55. Re3 Rg8 56. Bb6 Rg6 57. Ba5 Rg8 58. Bb6
Rg6 59. Bd8 Rg4 60. Re2 Rc4 61. Rd2+ Ke4 62. Re2+ Kd5 63. Rc2 Rg4 64. Be7 Rg3
65. Bh4 Rf3 66. Be1 Re3 67. Bh4 Rh3 68. Bg5 Rf3 69. Bc1 Rh3 70. Bb2 Rh7 71. Rf2
Rb7 72. Rf8 Bd6 73. Rc8 Rc7 74. Rd8 Ke6 75. Ra8 Rb7 76. Bc1 Be5 77. Be3 Kd5 78.
Ra5 Ke4 79. Bc5 Kd3 80. Ra8 Rd7 81. Re8 Bg7 82. Re3+ Kd2 83. c4 Rb7 84. cxb5
Rxb5 85. Re7 Bf6 86. Rf7 Bh4 87. Kc4 Rb8 88. b5 Bd8 89. Rf2+ Kd1 90. Rf8 1-0

[Event "2.BLS 0506 SC HP Böblingen - Heidelberg"]
[Site "?"]
[Date "2005.11.27"]
[Round "3.3"]
[White "Roos, Jean-Luc"]
[Black "Bauer, Peter"]
[Result "1-0"]
[WhiteElo "2294"]
[BlackElo "2295"]
[PlyCount "103"]
[EventDate "2005.??.??"]

1. c4 Nf6 2. Nf3 g6 3. g3 Bg7 4. Bg2 O-O 5. O-O d6 6. d4 Nc6 7. h3 h5 8. Nc3
Bf5 9. d5 Na5 10. Nd4 Bd7 11. Qd3 c5 12. Nc2 a6 13. Rb1 b5 14. b3 Rb8 15. Bd2
Qc7 16. e4 Rb7 17. Ne3 Rfb8 18. Kh2 bxc4 19. bxc4 Rb2 20. Rxb2 Rxb2 21. Bc1 Rb4
22. Ba3 Rb7 23. f4 Rb8 24. Rf2 Be8 25. Bc1 Rb4 26. Ncd1 Nb7 27. Bd2 Rb6 28. Qa3
Nd7 29. Bc3 Bd4 30. Rd2 Bxc3 31. Qxc3 Rb1 32. Qc2 Qb6 33. Nb2 Re1 34. Rd3 Na5
35. Nbd1 Nf6 36. a3 Bd7 37. Qd2 Qb1 38. Qxe1 Qxd3 39. Qxa5 Kg7 40. e5 Ne4 41.
Bxe4 Qxe4 42. Qc3 f6 43. Nf2 Qb1 44. exf6+ exf6 45. Ng2 Bf5 46. g4 hxg4 47.
hxg4 Bd7 48. g5 Qf5 49. Qxf6+ Qxf6 50. gxf6+ Kxf6 51. Ne4+ Ke7 52. Ne3 1-0

[Event "2.BLS 0506 SC HP Böblingen - Heidelberg"]
[Site "?"]
[Date "2005.11.27"]
[Round "3.4"]
[White "Ortmann, David"]
[Black "Postojev, Alexander"]
[Result "1/2-1/2"]
[WhiteElo "2294"]
[BlackElo "2256"]
[PlyCount "90"]
[EventDate "2005.??.??"]

1. Nf3 Nf6 2. c4 Nc6 3. d4 e6 4. Nc3 Bb4 5. Bd2 d6 6. d5 Bxc3 7. Bxc3 exd5 8.
cxd5 Ne5 9. Nxe5 dxe5 10. Bxe5 O-O 11. Qd4 Nxd5 12. e4 Nf6 13. Qxd8 Rxd8 14. f3
c6 15. Bc4 Re8 16. Bxf6 gxf6 17. O-O-O b5 18. Bb3 a5 19. Rd6 a4 20. Bc2 Be6 21.
a3 c5 22. f4 b4 23. Rc6 Bb3 24. Re1 Rec8 25. Rxc8+ Rxc8 26. Re3 bxa3 27. bxa3
c4 28. Rc3 Rd8 29. Rg3+ Kf8 30. Rh3 Rd4 31. Rxh7 f5 32. exf5 Rxf4 33. Bxb3 cxb3
34. g3 Kg8 35. Rh6 Rf1+ 36. Kb2 Rf2+ 37. Kb1 Ra2 38. Ra6 Rxa3 39. g4 Ra2 40. h4
a3 41. Ra8+ Kg7 42. g5 Rb2+ 43. Ka1 Ra2+ 44. Kb1 Rb2+ 45. Ka1 Ra2+ {(=)}
1/2-1/2

[Event "2.BLS 0506 SC HP Böblingen - Heidelberg"]
[Site "?"]
[Date "2005.11.27"]
[Round "3.5"]
[White "Nippgen, Georg"]
[Black "Kabisch, Thilo"]
[Result "1-0"]
[WhiteElo "2258"]
[BlackElo "2330"]
[PlyCount "147"]
[EventDate "2005.??.??"]

1. Nf3 Nf6 2. d4 d6 3. c3 Nbd7 4. Bg5 e5 5. Nbd2 h6 6. Bh4 Be7 7. Qc2 c6 8. e4
Qc7 9. Bd3 b5 10. a4 Rb8 11. axb5 cxb5 12. O-O O-O 13. Nb3 Bb7 14. Rxa7 Ra8 15.
Rfa1 Rxa7 16. Rxa7 Ra8 17. Rxa8+ Bxa8 18. d5 g5 19. Bg3 Qb6 20. Nfd2 h5 21. h3
h4 22. Bh2 Nh5 23. Qd1 Ndf6 24. Qa1 Qb8 25. Qa6 g4 26. hxg4 Nxg4 27. Be2 f5 28.
exf5 Nhf6 29. Qxb5 Qxb5 30. Bxb5 Nxd5 31. Bd3 Nb6 32. Nc4 Na4 33. Nbd2 Kg7 34.
Bc2 Bc6 35. Bxa4 Bxa4 36. Ne3 Nf6 37. Kf1 Bc6 38. f3 Nd7 39. c4 Nc5 40. Ke2 Bb7
41. Bg1 Bd8 42. Bf2 Kh6 43. Nd5 Na4 44. b3 Bxd5 45. bxa4 Bc6 46. Ne4 Bxa4 47.
Nxd6 Be7 48. Nf7+ Kh5 49. Nxe5 Bc2 50. Nc6 Bg5 51. Nd4 Bb1 52. Ne6 Bf6 53. Nf4+
Kg5 54. Nd5 h3 55. gxh3 Bb2 56. Ne3 Ba3 57. Bg3 Bc5 58. h4+ Kf6 59. Bf4 Ba2 60.
Kd3 Bb3 61. Bg5+ Kf7 62. Ng4 Ba4 63. Ne5+ Kg8 64. f6 Bd6 65. f4 Kh7 66. Kd4 Bc2
67. c5 Bf8 68. Kd5 Bb3+ 69. Kc6 Be6 70. Kb6 Kg8 71. c6 Bd6 72. Kb7 Kf8 73. Bh6+
Ke8 74. f7+ 1-0

[Event "2.BLS 0506 SC HP Böblingen - Heidelberg"]
[Site "?"]
[Date "2005.11.27"]
[Round "3.6"]
[White "Tuncer, Ufuk"]
[Black "Neunhoeffer, Helmut Dr"]
[Result "1-0"]
[WhiteElo "2295"]
[BlackElo "2308"]
[PlyCount "127"]
[EventDate "2005.??.??"]

1. Nf3 d5 2. c4 e6 3. g3 Nf6 4. Bg2 Be7 5. O-O O-O 6. d4 c6 7. Nc3 b6 8. Ne5
Ba6 9. Qa4 Bb7 10. Rd1 a6 11. Qb3 Nbd7 12. Nxd7 Nxd7 13. e4 Nf6 14. Bf4 dxc4
15. Qxc4 b5 16. Qe2 Qb6 17. Rac1 Rac8 18. Bg5 h6 19. Bxf6 Bxf6 20. e5 Bg5 21.
Rc2 Rcd8 22. h4 Be7 23. Rcd2 Bb4 24. Rd3 Bxc3 25. bxc3 a5 26. R3d2 Rd7 27. Qe3
Rfd8 28. g4 b4 29. c4 Ba6 30. c5 Qc7 31. Qf3 Rc8 32. g5 hxg5 33. hxg5 Bc4 34.
Qh5 Qd8 35. g6 fxg6 36. Qxg6 Qf8 37. Be4 Qf4 38. Rc2 Bd5 39. Bxd5 exd5 40. Re2
Re7 41. Rd3 Qf7 42. Qg4 Rf8 43. Qg5 Re6 44. Rg3 g6 45. Kg2 Qf4 46. Qxf4 Rxf4
47. Rd2 a4 48. f3 Kf7 49. Rh3 Kg7 50. Kg3 g5 51. Rh5 Kg6 52. Rh8 Re7 53. Rg8+
Kh5 54. Rh8+ Kg6 55. Rc8 Ref7 56. Rxc6+ Kg7 57. Rd3 g4 58. fxg4 Re4 59. Rb6
Rff4 60. Rxb4 Rxg4+ 61. Kf3 Rh4 62. Kg2 Kf7 63. Rxa4 Rxe5 64. Rf3+ 1-0

[Event "2.BLS 0506 SC HP Böblingen - Heidelberg"]
[Site "?"]
[Date "2005.11.27"]
[Round "3.7"]
[White "Syska, Albert"]
[Black "Boehm, Martin"]
[Result "0-1"]
[WhiteElo "2230"]
[BlackElo "2254"]
[PlyCount "80"]
[EventDate "2005.??.??"]

1. e4 c5 2. Nf3 d6 3. d4 cxd4 4. Nxd4 Nf6 5. Nc3 e6 6. g4 Nc6 7. g5 Ng8 8. Rg1
Nge7 9. Be3 a6 10. Qd2 Nxd4 11. Qxd4 Nc6 12. Qd2 Bd7 13. O-O-O Ne5 14. Rg3 Qc7
15. f4 Nc4 16. Bxc4 Qxc4 17. Bb6 Rc8 18. Qf2 Be7 19. f5 g6 20. Kb1 gxf5 21.
exf5 d5 22. Qg2 Rg8 23. g6 hxg6 24. fxg6 f5 25. Qh3 Qh4 26. Qg2 Rc6 27. Bd4 Rc4
28. Be5 Qh5 29. Rf1 Bc6 30. Ne2 f4 31. Bxf4 Qf5 32. Bc1 Qxc2+ 33. Ka1 d4 34.
Qf2 Be4 35. Bh6 Rxg6 36. Re1 Qa4 37. Rxg6 Bxg6 38. b3 Rc1+ 39. Bxc1 Qb5 40.
Nxd4 Qd3 0-1

[Event "2.BLS 0506 SC HP Böblingen - Heidelberg"]
[Site "?"]
[Date "2005.11.27"]
[Round "3.8"]
[White "Heinl, Thomas"]
[Black "Richter, Georg"]
[Result "1-0"]
[WhiteElo "2248"]
[BlackElo "2243"]
[PlyCount "61"]
[EventDate "2005.??.??"]

1. e4 d6 2. d4 Nf6 3. Nc3 g6 4. Be3 Bg7 5. Nf3 O-O 6. h3 c6 7. a4 Qa5 8. Bd3
Na6 9. Qd2 Nb4 10. Be2 d5 11. exd5 Bf5 12. Rc1 cxd5 13. O-O Rac8 14. g4 Ne4 15.
Nxe4 Bxe4 16. c3 Nc6 17. Ng5 e5 18. b4 Qd8 19. Nxe4 exd4 20. cxd4 dxe4 21. Rc4
Qd7 22. b5 Ne7 23. d5 Qxd5 24. Qb4 Rxc4 25. Bxc4 Qe5 26. Rd1 Qf6 27. Rd7 Nf5
28. gxf5 Qxf5 29. Qe7 Be5 30. Rd5 Qxh3 31. Qxe5 1-0

[Event "2.BLS 0506 Stuttgarter SF - Bad Mergent"]
[Site "?"]
[Date "2005.11.27"]
[Round "3.1"]
[White "Ivanov, Mikhail M"]
[Black "Benkovic, Petar"]
[Result "1-0"]
[WhiteElo "2457"]
[BlackElo "2433"]
[PlyCount "65"]
[EventDate "2005.??.??"]

1. d4 d5 2. Nf3 Nf6 3. c4 e6 4. g3 c6 5. Bg2 Nbd7 6. O-O Be7 7. Nc3 O-O 8. Nd2
Re8 9. e4 dxc4 10. e5 Nd5 11. Nxc4 b5 12. Ne3 b4 13. Ne4 Ba6 14. Re1 Rc8 15. h4
Bf8 16. Qc2 Qb6 17. Ng5 g6 18. Qd1 Bg7 19. Ne4 Rf8 20. h5 Rcd8 21. Ng4 c5 22.
Bh6 cxd4 23. Bxg7 Kxg7 24. Qd2 Kh8 25. Qh6 Rg8 26. Ng5 Rg7 27. Bxd5 exd5 28. e6
fxe6 29. Rxe6 Qb5 30. hxg6 Nf8 31. Nf7+ Rxf7 32. gxf7 Nxe6 33. Qf6+ 1-0